áp dụng phương pháp trắc quang để xác định hàm lượng phosphor trong xương heo bông Ba Xuyên Luận văn tốt nghiệp Đại học Sư phạm ngành Hóa Khóa 05

Αποθηκεύτηκε σε:
Λεπτομέρειες βιβλιογραφικής εγγραφής
Κύριος συγγραφέας: Đỗ Thị Mỹ Linh
Μορφή: Βιβλίο
Γλώσσα:Undetermined
Έκδοση: Cần Thơ Trường Đại học Cần Thơ, Khoa Sư phạm, Bộ môn Hóa 1983
Ετικέτες: Προσθήκη ετικέτας
Δεν υπάρχουν, Καταχωρήστε ετικέτα πρώτοι!
Thư viện lưu trữ: Trung tâm Học liệu Trường Đại học Cần Thơ
LEADER 00753nam a2200181Ia 4500
001 CTU_26792
008 210402s9999 xx 000 0 und d
082 |a 543 
082 |b L312/1983 
100 |a Đỗ Thị Mỹ Linh 
245 0 |a áp dụng phương pháp trắc quang để xác định hàm lượng phosphor trong xương heo bông Ba Xuyên 
245 0 |b Luận văn tốt nghiệp Đại học Sư phạm ngành Hóa Khóa 05 
245 0 |c Đỗ Thị Mỹ Linh 
260 |a Cần Thơ 
260 |b Trường Đại học Cần Thơ, Khoa Sư phạm, Bộ môn Hóa 
260 |c 1983 
904 |i Nguyễn Quang Điền, 981020 
980 |a Trung tâm Học liệu Trường Đại học Cần Thơ